| 000 | 00589nam a2200181Ia 4500 | ||
|---|---|---|---|
| 003 | GCL | ||
| 008 | 140319s9999 xx 000 0 ara d | ||
| 040 |
_aGCL / _cGCL |
||
| 082 | 0 | 4 |
_a621.381954 _bش م |
| 100 | 1 | _aشريف نصر | |
| 245 | 1 | 0 |
_aالمبادئ الاساسية فى صيانة الحاسب الشخصى / _cشريف نصر |
| 700 | 1 | _aعمرو فاروق | |
| 260 |
_a[S.N] : _bمؤسسة جمال الجاسم للالكترونيات ، _c1992 |
||
| 300 | _a230 ص | ||
| 490 | _a | ||
| 650 | 0 | 4 | _aهندسة الحاسبات الالكترونية |
| 942 |
_2ddc _cBK |
||
| 999 |
_c39959 _d39959 |
||